All Major Chinese Dynasties - Statistics

General Stats
  • This quiz has been taken 18 times
  • The average score is 9 of 15
Answer Stats
Hint Answer % Correct
c. 2070 - c.1600 BC Xia Dynasty
100%
c. 206 BC - c. 220 AD Han Dynasty
94%
c. 1600 - c. 1046 BC Shang Dynasty
94%
c. 1046 - c. 246 BC Zhou Dynasty
94%
c. 1368 - c. 1644 AD Ming Dynasty
88%
c. 221 - c. 206 BC Qin Dynasty
81%
c. 1644 - c. 1912 AD Qing Dynasty
75%
c. 618 - c. 907 AD Tang Dynasty
75%
c. 960 - c. 1279 AD Song Dynasty
69%
c. 1271 - c. 1368 AD Yuan Dynasty
69%
c. 266 - c. 420 AD Jin Dynasty
44%
c. 581 - c. 618 AD Sui Dynasty
31%
c. 222 - c. 280 AD Three Kingdoms
31%
c. 907 - c. 960 AD Five Dynasties and Ten Kingdoms
0%
c. 420 - c. 589 AD Northern and Southern Dynasties
0%
No matching quizzes found
Score Distribution
Percent of People with Each Score
Percentile by Number Answered
Your Score History
You have not taken this quiz